1784 1708 1454 1222 1081 1903 1096 1686 1744 1292 1884 1425 1625 1687 1585 1362 1847 1969 1606 1220 1582 1959 1477 1099 1977 1699 1756 1003 1135 1254 1240 1089 1686 1387 1248 1979 1730 1509 1582 1427 1000 1418 1249 1136 1112 1104 1007 1439 1250 1985 1433 1329 1902 1370 1447 1042 1923 1203 1882 1555 1731 1347 1853 1432 1612 1601 1380 1208 1768 1766 1374 1662 1268 1468 1204 1145 1683 1674 1278 1639 1523 1935 1169 1184 1721 1151 1758 1392 1678 1176 1885 1818 1814 1103 1597 1982 1982 1023 1059 BCNSPRNW ULIB Ver.6.0+V

เปลี่ยนเป็นภาษาไทย

Change to English
 แสดงรายละเอียดบรรณานุกรม
  กลับหน้าหลัก

Brief Record : Get Marc (ISO 2709) : E-mail record : QR code < ปิดหน้าต่าง
LEADER : 00000nam 2200000uu 4500
001    13399113453
003     ULIB
008    111117s2553||||th 000 0 tha d
020    ^a9789746452762(ล.1)
060  4 ^aWY150^bส627ก ล1
110 1  ^aมหาวิทยาลัยสุโขทัยธรรมาธิราช^bสาขาวิชาพยาบาลศาสตร์
245 00 ^aเอกสารการสอนชุดวิชา การพยาบาลผู้ใหญ่และผู้สูงอายุ หน่วยที่ 1-5=^bAdult and elderly nursing /^cบรรณาธิการ ศรีนวล สถิตวิทยานันท์
246 31 ^aAdult and elderly nursing
250    ^aพิมพ์ครั้งที่ 10
260    ^aนนทบุรี:^bศูนย์หนังสือมหาวิทยาลัยสุโขทัยธรรมาธิราช,^c2553
300    ^a445 หน้า
650  7 ^aการพยาบาลผู้สูงอายุ
650  7 ^aการพยาบาลผู้ใหญ่
700 0  ^aศรีนวล สถิตวิทยานันท์,^eบรรณาธิการ
710 2  ^aมหาวิทยาลัยสุโขทัยธรรมาธิราช^bสาขาวิชาพยาบาลศาสตร์
945    ^p245^l0^i030756
945    ^p245^l0^i030757
945    ^p245^l0^i030758
945    ^p245^l0^i030759
945    ^p245^l0^i030760
995    ^aเกษร
999    ^aใช้งานได้ทุกระบบ
รายการนี้ยังไม่มีแท็ก
คุณยังไม่ได้ล็อกอิน คุณสามารถมีกิจกรรมร่วมกับเว็บไซต์ได้ แต่ต้องล็อกอินก่อน ::
  ล็อกอิน

รายการสื่อสารสนเทศ

ลำดับที่ ประเภท เลขเรียก/บาร์โค้ด สถานที่ สถานะ
1. วิทยาศาสตร์การแพทย์ และสุขภาพ
หนังสือสำรอง
สถานะ=หนังสือสำรอง
WY150 ส627ก ล1 ฉ.1 
  Barcode: 030756
ห้องสมุดวิทยาเขตสวรรค์ประชารักษ์
►ส่วนจัดเก็บหนังสือเก่า สปร
บนชั้น
  ขอยืม
2. วิทยาศาสตร์การแพทย์ และสุขภาพ
วิทยาศาสตร์การแพทย์ และสุขภาพ
WY150 ส627ก ล1 ฉ.2 
  Barcode: 030757
ห้องสมุดวิทยาเขตสวรรค์ประชารักษ์
►ส่วนจัดเก็บหนังสือเก่า สปร
บนชั้น
  ขอยืม
3. วิทยาศาสตร์การแพทย์ และสุขภาพ
วิทยาศาสตร์การแพทย์ และสุขภาพ
WY150 ส627ก ล1 ฉ.3 
  Barcode: 030758
ห้องสมุดวิทยาเขตสวรรค์ประชารักษ์
►ส่วนจัดเก็บหนังสือเก่า สปร
บนชั้น
  ขอยืม
4. วิทยาศาสตร์การแพทย์ และสุขภาพ
วิทยาศาสตร์การแพทย์ และสุขภาพ
สถานะ=หนังสือเก่า
WY150 ส627ก ล1 ฉ.4 
  Barcode: 030759
ห้องสมุดวิทยาเขตสวรรค์ประชารักษ์
►หนังสือทั่วไป
ถูกยืม กำหนดส่งวันที่ 4 กรกฎาคม 2568
  จอง

รายการใกล้เคียง
    หัวเรื่อง [การพยาบาลผู้สูงอายุ]
    หัวเรื่อง [การพยาบาลผู้ใหญ่]

BibComment


ยังไม่เคยถูกคอมเมนท์

คอมเมนท์ทรัพยากรรายการนี้
  คอมเมนท์: เอกสารการสอนชุดว..


 Copyright 2026. Bcnsprnw @Library